| 000 | 02023nam a22002537a 4500 | ||
|---|---|---|---|
| 003 | Uzh_bibl | ||
| 008 | 260430b |||||||| |||| 00| 0 ukr d | ||
| 020 |
_a978-966-03-4506-5 _c60.00 |
||
| 040 | _bукр. | ||
| 041 |
_2ukr _aukr |
||
| 080 | _a821.161.2 | ||
| 090 |
_a821.161.2 _bК 59 |
||
| 100 | _aКокотюха,Андрій | ||
| 245 |
_aПовзе змія _cХудож.-оформлювач О.Г.Жуков _hТекст |
||
| 260 |
_aХарків _bФоліо _c2008 |
||
| 300 |
_a475 с. _fВ опр. |
||
| 520 | _aЯкщо вам присвячують вірші, це не завжди означає освідчення в коханні. Молода журналістка Олена з жахом чекає кожного наступного вірша: адже їх пише жорстокий серійний убивця Баглай. Його засуджено на довічне ув’язнення, але він утік із тюрми, аби помститися Олені. Міліція безсила. Багатий коханець не хоче вирішувати її проблем. А убивця наближається тихо і безшумно – так підкрадається до здобичі отруйна змія. Врятувати Олену може лише одна людина – колишній міліцейський опер Макс, який уже одного разу ловив Баглая і тепер хоче спіймати його знову. Це трилер, від якого неможливо відірватися. А фінали в історіях Андрія Кокотюхи завжди несподівані. | ||
| 521 | _aДля широкого кола читачів | ||
| 546 | _aукр. | ||
| 650 | _aЛітературно-художнє видання | ||
| 653 |
_aПереслідування _aПомста _aВбивця |
||
| 655 |
_aДетектив _vРоман |
||
| 942 |
_2udc _cBK |
||
| 999 |
_c17585 _d17585 |
||